Dos villas tamaulipecas (Registro nro. 12735)
[ vista simple ]
| 000 -Sello discográfico | |
|---|---|
| campo de control de longitud fija | 00813nam a2200253 4500 |
| 005 - Identificación de versión | |
| campo de control | 20260330132033.0 |
| 099 ## - fechas locales | |
| Tipo de ítem Koha | LIBRO |
| 100 ## - Datos de procesamiento general | |
| Datos de procesamiento general | 20260330d19701972m y1spay5003 ba |
| 101 ## - Idioma del recurso | |
| Idioma del texto, banda sonora, etc. | Español; Castellano |
| 105 ## - Campo de datos codificados: Material textual, monográfico | |
| Datos codificados de monografía | a 001zy |
| 200 ## - Título y mención de responsabilidad | |
| Título propio | Dos villas tamaulipecas |
| Designación general del material | texto impreso |
| Otra información del título | Padilla y Soto la Marina |
| Primer mención de responsabilidad | Juan Fidel Zorrilla |
| 205 ## - Declaración de edición | |
| Declaración de edición | 2a ed |
| 210 ## - Publicación, distribución, etc. | |
| Lugar de publicación, distribución, etc. | México |
| Nombre del editor, distribuidor, etc. | Librería de Manuel Porrúa |
| -- | Universidad Autónoma de Tamaulipas, Instituto de Investigaciones Históricas |
| Fecha de publicación, distribución, etc. | 1972 |
| 215 ## - Descripción física | |
| Designación de material específico y extensión del ítem | 102 p |
| Otras características físicas | il. |
| Dimensiones | 20 cm |
| 345 ## - Nota de información de adquisición | |
| Fuente de adquisición/dirección de la suscripción [OBSOLETO] | Donación |
| 607 ## - Nombre geográfico utilizado como tema | |
| Elemento de entrada | Nuevo Padilla (Tamaulipas) |
| Subdivisión temática | Descripción |
| Número Koha | 19604 |
| 607 ## - Nombre geográfico utilizado como tema | |
| Elemento de entrada | Soto la Marina (Tamaulipas) |
| Subdivisión temática | Descripción |
| Número Koha | 19605 |
| 660 ## - Código de área geográfica | |
| Código | MX |
| 700 ## - Nombre personal - Responsabilidad primaria | |
| Elemento de entrada | Zorrilla |
| Parte del nombre distinta del elemento de entrada | Juan Fidel |
| Número Koha | 3891 |
| 801 ## - Fuente de origen | |
| País | FR |
| Agencia | cm |
| Reglas de catalogación (convenciones descriptivas) | AFNOR |
| 942 ## - ELEMENTOS DE ENTRADA SECUNDARIOS (KOHA) | |
| Tipo de ítem Koha | Libro |
| Estatus retirado | Estado de daño | Estado de pérdida | Fuente de la clasificación o esquema de estantería | Fecha de adquisición | Biblioteca de origen | Biblioteca actual | Código de barras | Precio de reemplazo | Signatura topográfica completa | No para préstamo | Tipo de ítem Koha | Nota no pública |
|---|---|---|---|---|---|---|---|---|---|---|---|---|
| Clasificación Decimal Dewey | 30/03/2026 | Casa México Paris | Casa México Paris | 011241 | 30/03/2026 | 917.21 Z88d | Libro | 751145101 |